Vestiges of the colonial empire in France : monuments, museums, and colonial memories
Αποθηκεύτηκε σε:
| Κύριος συγγραφέας: | |
|---|---|
| Μορφή: | Βιβλίο |
| Γλώσσα: | English |
| Δημοσίευση: |
New York :
Palgrave Macmillan,
2005
|
| Θέματα: | |
| Ετικέτες: |
Προσθήκη ετικέτας
Δεν υπάρχουν, Καταχωρήστε ετικέτα πρώτοι!
|
MARC
| LEADER | 00000nam a2200000 i 4500 | ||
|---|---|---|---|
| 001 | 1/91147 | ||
| 008 | 080717s2005 eng d | ||
| 020 | |a 978-1-4039-3370-6 | ||
| 035 | |l 10099027 | ||
| 040 | |a GR-MY-UA |b gre |e aacr | ||
| 041 | 0 | |a eng | |
| 082 | 0 | |a 325.344 |2 (22) | |
| 100 | 1 | |a Aldrich, Robert |d 1954- | |
| 245 | 1 | 0 | |a Vestiges of the colonial empire in France : |b monuments, museums, and colonial memories / |c Robert Aldrich |
| 260 | |a New York : |b Palgrave Macmillan, |c 2005 | ||
| 300 | |a ix, 383 σ.; |b εικ. ; |c 23 εκ. | ||
| 504 | |a Βιβλιογραφία: σ. 365-376 | ||
| 504 | |a Ευρετήριο: σ. 377-383 | ||
| 650 | 0 | 0 | |a Public opinion |z France. |
| 650 | 0 | 0 | |a Memorialization |z France. |
| 651 | 0 | |a France |x Colonies |x Historiography. | |
| 651 | 0 | |a France |x Colonies |x History. | |
| 651 | 0 | |a France |x Colonies |x Public opinion. | |
| 852 | |a INST |b LESVOS |e 20080717 |h 325.344 ALD |p 005100042737 |q 005100042737 |t BK |y 0 | ||
| 901 | |a BIBL1-2008-2 | ||
| 909 | |a Λ |b 152392 | ||
| 922 | |a 1ΕΛΗ |b 200803 |c ΕΠΕΑΕΚ2/ΤΠ |d ΕΛΕΥΘΕΡΟΥΔΑΚΗΣ | ||
| 970 | |a ΧΑΤΖΗΜΙΧΑΗΛ |b ΜΑΡΙΑ |z 2008/07/17 | ||